Statistics for Countries

Click here to take the quiz!

General Stats

  • This quiz has been taken 12 times
  • The average score is 43 of 100

Answers on the Map

Answers color-coded by a green-red scale on the quiz's map according to % correct below.
 

Answer Stats

Answer% Correct
Russia
86%
Argentina
71%
Brazil
71%
Canada
71%
Colombia
71%
Guatemala
71%
Panama
71%
U.S.A.
71%
Albania
57%
Belgium
57%
China
57%
Denmark
57%
DRC
57%
Egypt
57%
Georgia
57%
Greece
57%
Guyana
57%
Honduras
57%
Hungary
57%
Iceland
57%
India
57%
Indonesia
57%
Ireland
57%
Italy
57%
Kenya
57%
Lesotho
57%
Libya
57%
Madagascar
57%
Malta
57%
Morocco
57%
Netherlands
57%
New Zealand
57%
North
Macedonia
57%
Norway
57%
Pakistan
57%
Paraguay
57%
Poland
57%
Portugal
57%
Qatar
57%
Serbia
57%
South Africa
57%
South Korea
57%
Spain
57%
Sri Lanka
57%
Sweden
57%
Turkey
57%
Ukraine
57%
Afghanistan
43%
Angola
43%
Austria
43%
Chile
43%
Cuba
43%
Czechia
43%
Finland
43%
Iraq
43%
Kiribati
43%
Nicaragua
43%
Niger
43%
Peru
43%
Slovenia
43%
South sudan
43%
Sudan
43%
Switzerland
43%
Thailand
43%
Togo
43%
Uruguay
43%
Australia
29%
Belize
29%
Djibouti
29%
Ecuador
29%
El Salvador
29%
Equatorial
Guinea
29%
France
29%
Germany
29%
jamaica
29%
Japan
29%
Japan
29%
Mali
29%
Mexico
29%
Myanmar
29%
Nauru
29%
Nepal
29%
Zambia
29%
Burundi
14%
Chad
14%
Iran
14%
Malawi
14%
Monaco
14%
Oman
14%
Philippines
14%
Senegal
14%
Sudan
14%
Vietnam
14%
Yemen
14%
Dominica
0%
Gambia
0%
Grenada
0%
Nigeria
0%
Singapore
0%
Zimbabwe
0%

Score Distribution

Percentile by Number Answered

Percent of People with Each Score

Your Score History

You have not taken this quiz